Ajax Current Squad - Statistics

General Stats
  • This quiz has been taken 1,571 times
    734 since last reset
  • The average score is 17 of 30
Answer Stats
# Player % Correct
9 Brian Brobbey
87%
23 Steven Berghuis
87%
7 Steven Bergwijn
86%
8 Kenneth Taylor
81%
4 Jorrel Hato
80%
2 Devyne Rensch
76%
1 Gerónimo Rulli
76%
37 Josip Šutalo
75%
22 Remko Pasveer
74%
12 Jay Gorter
69%
25 Borna Sosa
68%
10 Chuba Akpom
68%
3 Anton Gaaei
67%
33 Benjamin Tahirović
64%
21 Branco van den Boomen
63%
40 Diant Ramaj
61%
18 Jakov Medić
58%
Head Coach Maurice Steijn
58%
24 Silvano Vos
56%
11 Carlos Borges
50%
30 Gastón Ávila
50%
5 Owen Wijndal
49%
19 Georges Mikautadze
46%
6 Sivert Mannsverk
45%
17 Anass Salah-Eddine
36%
13 Ahmetcan Kaplan
32%
27 Amourricho van Axel Dongen
20%
28 Kian Fitz-Jim
20%
35 Francisco Conceição
17%
32 Naci Ünüvar
12%
No matching quizzes found
Score Distribution
Percent of People with Each Score
Percentile by Number Answered
Your Score History
You have not taken this quiz since the last reset